Quizzes
Events
Quiz Creation
Community
Videos
Private Events
Remove Ads
Sign In
Join for FREE
Feedback
Dark Mode
Quiz Categories
Sports
Geography
Music
Movies
Television
Just For Fun
Miscellaneous
History
Literature
Language
Science
Gaming
Entertainment
Religion
Holiday
For Kids
Quiz Lab
Recent
Popular Today
Quiz Kudos Today
Editor Picks
Curator Picks
Quizzes by...
Day
Popularity
Type
Ratings
Length
Year
Community
Subscriptions
Recent Discussions
Orange Saloon
Badges
Playlists
Quests
Create
Leaderboards
Showdown
Live 5
Trivia Bingo
Activity
Puzzle Library
Sporcle Events
Private Events
Virtual Trivia
Globe League
Become a Host
Pub Owners
SporcleCon
Opinionation
Our Games
Videos
Blog
Mobile Apps
Partnerships
Remove Ads and Go Orange
Feedback
History
US Presidents
World Leaders
Politics
Nation
Discovery
War
Decade
Year
Century
Biography
Art
History
US Presidents
World Leaders
Politics
Nation
Discovery
War
Decade
Year
Century
Biography
Art
Random Quiz
Search Sporcle
×
Quiz Lab
Quiz Lab
History
Clickable
Select answers by clicking on text or image buttons
Select answers by clicking on text or image buttons
Clickable
Best Score? Go Orange.
55 Dead Before 30 Stats
Can you pick the Famous people who died before they turned 30?
By
kps7179
10m
55 Questions
862 Plays
862 Plays
862 Plays
Comments
Comments
Give Quiz Kudos
Give Quiz Kudos
-
- Ratings
hide this ad
Forced Order
Answers have to be entered in order
Answers have to be entered in order
Replay
Link that replays current quiz
Next Quiz
Link to next quiz in quiz playlist
You Got
0%
They Got
Avg Score
66%
Avg Friend Score
Upgrade to see
Score Distribution
Jump to the score distribution portion of the page
Score
0/55
Timer
10:00
0
Plays Today
% Correct
Lee Harvey Oswald
92.7%
Anne Frank
92.6%
Kurt Cobain
92%
Amy Winehouse
91.5%
Heath Ledger
91%
Tutankhamun
91%
Joan of Arc
89.2%
Pocahontas
89.2%
James Dean
89.1%
Janis Joplin
88.6%
Buddy Holly
88.4%
Jim Morrison
87.7%
Billy the Kid
86.2%
Jimi Hendrix
86.1%
Aaliyah
85.2%
Caligula
84.9%
Sid Vicious
81.4%
Lady Jane Grey
80.9%
River Phoenix
79.8%
Otis Redding
78.7%
Freddie Prinze
78.7%
Trayvon Martin
77.4%
JonBenét Ramsey
76.8%
Tupac Shakur
75.6%
Hank Williams
74.8%
Andrés Escobar
74.4%
Charles A. Lindbergh, Jr.
73.3%
Brian Piccolo
73.3%
% Correct
Notorious B.I.G. (aka Biggie Smalls aka Chris Wallace)
70.5%
Ron Goldman
69.3%
Brian Jones
68.3%
John Keats
67.2%
Pat Tillman
65.4%
Mary Jo Kopechne
64.4%
Nathan Hale
64.3%
Ronnie van Zant
63.3%
Adam Lanza
63.1%
Alexandra Petrova
58%
Christopher Marlowe
56.8%
Kitty Genovese
53.7%
Stephen Crane
52.8%
Steve Prefontaine
48.7%
Len Bias
47.7%
Robert Johnson
47.1%
Heather O'Rourke
45.7%
Charles Whitman
43.2%
Samantha Smith
41.6%
Cassie Bernall
40.4%
Robert Wadlow
39.9%
Cliff Burton
37.8%
Jean-Michel Basquiat
34.9%
Johnny Lewis
21.9%
Henry Moseley
15.8%
Ilya Zhitomirskiy
15.2%
Trent Lehman
13.2%
Quiz Playlist
Details
Report
Send in Message
Add To Playlist
Clickable:
Select answers by clicking on text or image buttons
Forced Order:
Answers have to be entered in order
Quiz Source
Last Updated: Feb 16, 2017
Quiz Scoreboard
CHALLENGE
Sign Up to Join the Scoreboard
Show All
Scores
Hide
Comments
May contain spoilers
Recently Published
NBA Finals Game Top Scorers (2010s)
by flibbidy
Sports
5m
Guess the 'R' Things in 3 Words
by MSUKent
Miscellaneous
3m
Actor to Badly Drawn Movie III
by MoMosMoProblems
Movies
5m
More to Explore
Quiz From the Vault
Featured Blog Post
Where Does Lost Luggage Go?
hide this ad
You Might Also Like...
Tags
Biography Quiz
Clickable Quiz
Famous Quiz
before
death
Today's Top Quizzes in History
Browse History
hide this ad
Today's Top Quizzes in Clickable
Browse Clickable
Top Contributed Quizzes in History
1
Nickname Match: US Presidents
2
I Am Born On March 18th
3
Nickname Match: World Leaders II
4
Nickname Match: US Presidents II
5
Famous People on Time Magazine Covers III (Slideshow)
6
10 to 1: Generals by War
7
27 Amendments
8
Order the British Succession
9
New Deal Alphabet Soup
10
I Am Born On March 17th
Explore More
Trending Topics
Marvel
Disney
Anime
NBA
Kpop
Crossword
Harry Potter
Pokémon
The Office
WWE
NFL
Country
Song
Soccer
Puzzle
hide this ad
More By:
kps7179
Quiz
Plays
Rating
Category
Featured
Created
Famous 20th Century Quotes
80,107
4.52
History
Feb 19, 2013
Famous Quotes in History by Women
38,470
4.54
History
Jan 15, 2014
Philosopher Biographies
23,522
4.48
History
Mar 6, 2013
Famous 19th Century Quotes
18,257
4.53
History
Feb 19, 2013
2012 MLB Teams Over .500 (clickable version)
4,102
4.31
Sports
Oct 5, 2012
Go to Creator's Profile
Score Distribution
Quiz Creator Spotlight
kps7179
Follow
Send a Message
Quizzes Created
-
Created Quiz Play Count
-
More By This Creator
Popular Quizzes Today
1
Find the US States - No Outlines Minefield
2
Find the US States
3
The Countries of the World
4
10 Largest US States in Order
5
Find the Countries of Europe - No Outlines Minefield
6
US States
7
Guess the 'R' Things in 3 Words
8
NBA Finals Game Top Scorers (2010s)
More History Quizzes
Presidents by Gravesite
Editor's Pick
Trending Quizzes
First Name TV: Leading Men
Match the Book to the Film II
First Name TV: Leading Women Drama
Match the Book to the Film VI
3-Word Movies in 1 Word II
Recently Updated
Women's Final Four Teams by Year
bhenderson79
Presidents Quartet II
eogle
Anything But Clue(do)
eogle
Anything But Oceanian Capitals
eogle
Anything But 7
eogle
Anything But Thing
eogle
Word Ladder: February 29
pecheneg
Song Title Questions
pecheneg
Women's NCAA Tournament #1 Seeds
pecheneg
Celebrity Mug Shots
pecheneg
Trending Topics
Harry Potter
Marvel
Disney
Anime
Kpop
Crossword
NBA
NFL
The Office
Soccer
Country
Song
WWE
Pokémon
Puzzle
Your Account Isn't Verified!
In order to create a playlist on Sporcle, you need to verify the email address you used during registration. Go to your
Sporcle Settings
to finish the process.
Report this User
Report this user for behavior that violates our
Community Guidelines
.
Details:
Send Report
Go to the Sporcle.com Mobile Site →
Comments